[Event "AUS-ch Major"]
[Site "Cammeray"]
[Date "2010.01.09"]
[Round "7"]
[White "Anderson, Michael"]
[Black "Ngo, Michael"]
[Result "0-1"]
[WhiteElo "1356"]
[BlackElo "1414"]
[PlyCount "138"]
[EventDate "2010.01.02"]
[EventType "swiss"]
[EventRounds "11"]
[EventCountry "AUS"]
[SourceTitle "EXT 2011"]
[Source "ChessBase"]
[SourceDate "2010.11.26"]
[SourceVersion "1"]
[SourceVersionDate "2010.11.26"]
[SourceQuality "1"]

1. f4 d5 2. Nf3 Nf6 3. e3 Bg4 4. Bb5+ c6 5. Be2 Nbd7 6. 0-0 e6 7. h3 Bh5 8. b3 Bd6 9. Bb2 Qb6 10. Ne5 Bxe2 11. Qxe2 Bxe5 12. Bxe5 Nxe5 13. fxe5 Ne4 14. Qe1 0-0 15. d3 Nc5 16. d4 Ne4 17. Nc3 Nxc3 18. Qxc3 Qc7 19. a4 Rac8 20. Rf4 c5 21. Qd3 cxd4 22. exd4 Qxc2 23. Qxc2 Rxc2 24. Raf1 Rc3 25. Rb1 Rfc8 26. Rf3 Rxf3 27. gxf3 Rc2 28. Kf1 Kf8 29. Ke1 Ke7 30. Kd1 Rh2 31. Rc1 Kd7 32. Rc5 Rxh3 33. Ke2 g5 34. a5 a6 35. Rc1 Rh2+ 36. Ke3 Rb2 37. Rc3 h5 38. f4 g4 39. b4 g3 40. Kf3 Rf2+ 41. Kxg3 Rb2 42. Kh4 Rxb4 43. Kxh5 Rxd4 44. Rb3 Kc6 45. Rb6+ Kc7 46. Kg5 Ra4 47. f5 Rxa5 48. fxe6 fxe6 49. Rxe6 d4 50. Kf4 Rd5 51. Ke4 Rd7 52. Kd3 a5 53. Rh6 a4 54. e6 Re7 55. Kxd4 Kd6 56. Rh5 Rxe6 57. Rb5 Kc6 58. Rb1 b5 59. Rc1+ Kb6 60. Kd5 Rh6 61. Kd4 Rh5 62. Rb1 Ka5 63. Kc3 Rh3+ 64. Kd4 b4 65. Rc1 a3 66. Rc8 Rh4+ 67. Kc5 Ka4 68. Rd8 a2 69. Rb8 Kb3 0-1

[Event "AUS-ch Major"]
[Site "Cammeray"]
[Date "2010.01.03"]
[Round "2"]
[White "Ngo, Michael"]
[Black "Glissan, Paul"]
[Result "0-1"]
[WhiteElo "1414"]
[BlackElo "1661"]
[PlyCount "76"]
[EventDate "2010.01.02"]
[EventType "swiss"]
[EventRounds "11"]
[EventCountry "AUS"]
[SourceTitle "EXT 2011"]
[Source "ChessBase"]
[SourceDate "2010.11.26"]
[SourceVersion "1"]
[SourceVersionDate "2010.11.26"]
[SourceQuality "1"]

1. e4 d6 2. d4 Nf6 3. Nc3 g6 4. Nf3 Bg7 5. g3 Bg4 6. Bg2 Nc6 7. 0-0 Qd7 8. Re1 e5 9. d5 Ne7 10. Qd3 a6 11. Bd2 0-0 12. Nh4 Rad8 13. f3 Bh3 14. Ne2 Bxg2 15. Kxg2 c6 16. c4 Ne8 17. dxc6 Qxc6 18. Rad1 f5 19. Bb4 Bf6 20. Kh1 Bxh4 21. gxh4 fxe4 22. fxe4 Nf6 23. Ng3 Ng4 24. Qe2 Nf2+ 25. Kg2 Nxd1 26. Rxd1 Rf4 27. h5 Rdf8 28. Bxd6 Rf2+ 29. Qxf2 Rxf2+ 30. Kxf2 Qb6+ 31. Ke2 Nc6 32. b3 Nd4+ 33. Kd3 Qxd6 34. hxg6 Nxb3+ 35. Kc2 Nd4+ 36. Kc3 Qa3+ 37. Kd2 Qxa2+ 38. Ke3 Qb3+ 0-1